Responses for Show #3552 - Tuesday, February 1, 2000

Contestants

[<< previous game]

Sean Lamont, a computer programmer from Independence, Missouri

Amanda Yuzzi, a federal employee from Atlanta, Georgia

Heidi Meyer, a math consultant from Modesto, California

[next game >>]

Jeopardy! Round responses

GENERAL KNOWLEDGE
U.S. CITIES
TV PIONEERS
(Alex: We'll name a Greek god, you have to give...)
THE ROMAN VERSION
TRUCKIN'
TIME TO "D"ECIDE
    $100 6
Octopus

Heidi
    $100 14
(A: What is Sac?)

San (San Jose, San Diego & San Francisco)

AmandaSean
    $100 12
Little House on the Prairie

Sean
    $100 1
(H: Who is Apollo?)

Jupiter

HeidiAmanda
    $100 19
Mud flaps

Heidi
    $100 20
Dud

Amanda
    $200 7
Teeth

Heidi
    $200 15
Detroit

Amanda
    $200 13
(H: What is "Davy Crockett?")

Daniel Boone

Heidi
Triple Stumper
    $200 2
Mars

Sean
    $200 25
Fire truck

Sean
    $200 21
Dachshund

Amanda
    $300 8
Buddha

Sean
    $300 16
(A: What is New York?)

Philadelphia

AmandaSean
    $300 29
Grizzly Adams

Amanda
    $300 3
(A: Who was Venus?)
(S: Who was Aphrodite?)

Cupid

HeidiAmandaSean
    $300 26
Lorry

Sean
    $300 22
Dialect

Sean
    $400 9
Cellulose

Sean
    $400 17
El Paso

Sean
    $400 11
(S: What is Denver?)

Colorado Springs

Sean
Triple Stumper
    $400 4
Bacchus

Sean
    $400 27
Ford

Sean
    $400 23
Daytona 500

Heidi
    $500 10
Almond

Amanda
    $600 18
(S: What is Los Angeles?)

Las Vegas

Sean
    $500 30
The Rifleman

Sean
    $500 5
(S: Who is Hera?)

Juno

HeidiSean
    $500 28
Peterbilt

Sean
    $500 24
Death mask

Sean

Scores at the first commercial break (after clue 15):

Heidi Amanda Sean
$800 $400 $300

Scores at the end of the Jeopardy! Round:

Heidi Amanda Sean
$1,300 $700 $3,100

Double Jeopardy! Round responses

GENERAL KNOWLEDGE
(Alex: Again.)
HANNIBAL-ISM
NAME THE NARRATOR
(Alex: We'll give the literary work for you.)
FILM ROLES IN COMMON
CONDUCTORS
20th CENTURY WORDS
    $200 21
(H: Who is Norman Schwarzkopf?)

Colin Powell

HeidiAmanda
    $200 11
Hannibal Lecter

Heidi
    $200 16
Dr. Watson

Heidi
    $200 1
James Bond

Amanda
    $200 26
Recordings

Heidi
    $200 6
(A: What is disco?)

Discotheque

AmandaSean
    $400 22
George Patton

Heidi
    $400 12
Mark Twain

Heidi
    $400 17
Ishmael

Amanda
    $400 2
Eliza Doolittle

Amanda
    $400 27
Berlin

Sean
    $400 7
Isaac Asimov

Sean
    $1,100 23
(H: Who is Eisenhower?)

George C. Marshall

Heidi
    $600 13
The A-Team

Sean
    $600 18
Scout

Heidi
    $600 3
Henry V

Sean
    $600 28
(A: Who is Stravinsky?)

Arturo Toscanini

Amanda
Triple Stumper
    $600 8
Tarmac

Sean
    $800 24
William Westmoreland

Amanda
    $800 14
Hannibal Hamlin

Amanda
    $800 19
(S: Who is Conrad?)

Marlow

Sean
Triple Stumper
    $1,000 4
(Sean: Who is Hamlet?)

Fletcher Christian (Mutiny on the Bounty)

Sean
    $800 29
(A: Who is Stravinsky?)

Leopold Stokowski

Amanda
Triple Stumper
    $800 9
"Information Superhighway"

Sean
    $1000 25
(S: Who was Merrill?)

Joseph Stillwell

Sean
Triple Stumper
    $1000 15
Hannibal Dobbs

Triple Stumper
    $1000 20
Alex

Sean
    $1000 5
Jack Ryan

Amanda
    $1000 30
Sir Georg Solti

Triple Stumper
    $1000 10
Test tube

Heidi

Scores at the end of the Double Jeopardy! Round:

Heidi Amanda Sean
$3,000 $2,900 $4,900

[wagering suggestions for these scores]

Final Jeopardy! Round responses

HISTORIC NAMES
(Alex: Celeste - celestial.)
AmandaWho was Galileo?
$2,900
HeidiWho was Cervantes?
$2,801
SeanWho is Francis Bacon?
$1,200
Galileo

Final scores:

Heidi Amanda Sean
$199 $5,800 $3,700
3rd place: a Siemens Gigaset 2420 cordless phone New champion: $5,800 2nd place: a Toshiba big screen TV & Cambridge Sound Works home theater system

Game dynamics:

Coryat scores:

Heidi Amanda Sean
$4,100 $2,900 $6,500
13 R,
4 W
(including 1 DD)
13 R,
6 W
23 R,
7 W
(including 2 DDs)

Combined Coryat: $13,500

[game clues] [game scores] [suggest correction]

Game tape date: 1999-11-17
The J! Archive is created by fans, for fans. Scraping, republication, monetization, and malicious use prohibited; this site may use cookies and collect identifying information. See terms. The Jeopardy! game show and all elements thereof, including but not limited to copyright and trademark thereto, are the property of Jeopardy Productions, Inc. and are protected under law. This website is not affiliated with, sponsored by, or operated by Jeopardy Productions, Inc. Join the discussion at JBoard.tv.